000 00259nam a2200109Ia 4500
008 220204s9999 xx 000 0 und d
082 _a159.92
_bCOX
100 _aCoxhead, Nona
245 0 _aMindpower
260 _aLondon
_bWilliam Heinemann
_c1976
942 _cBK
999 _c32983
_d32983